000 00469nam a2200157Ia 4500
999 _c20787
_d20787
003 OSt
005 20200619103116.0
008 190216s9999||||xx |||||||||||||| ||und||
040 _coclc
082 _a954.91
_bGUP/L
100 _aGupta, S P
_9766
245 4 _aThe Lost Sarasvati And The Indus Civilization /
_cS P Gupta
260 _bKusumanjali Prakashan,
_c1995.
_aJodhpur:
300 _a201p
942 _cBK
_2ddc
_h954.91
_iGUP/L
_k954.91
_mGUP/L